Principles of electromagnetics (Record no. 1196)

MARC details
000 -LEADER
fixed length control field 00432nam a22001697a 4500
005 - DATE AND TIME OF LATEST TRANSACTION
control field 20160520122957.0
008 - FIXED-LENGTH DATA ELEMENTS--GENERAL INFORMATION
fixed length control field 160520b xxu||||| |||| 00| 0 eng d
020 ## - INTERNATIONAL STANDARD BOOK NUMBER
ISBN 0-19-806229-X
041 ## - LANGUAGE CODE
Language code of text/sound track or separate title eng
082 ## - DEWEY DECIMAL CLASSIFICATION NUMBER
Item number 3497
100 ## - MAIN ENTRY--AUTHOR NAME
Personal name Sadiku Matthew N.O.
245 ## - TITLE STATEMENT
Title Principles of electromagnetics
260 ## - PUBLICATION, DISTRIBUTION, ETC. (IMPRINT)
Place of publication New Delhi
Name of publisher Oxford University Press
Year of publication 2009
300 ## - PHYSICAL DESCRIPTION
Number of Pages 734
650 ## - SUBJECT ADDED ENTRY--TOPICAL TERM
Topical Term DIPLOMA ENGINEERING
942 ## - ADDED ENTRY ELEMENTS (KOHA)
Koha item type Books
Holdings
Lost status Damaged status Home library Current library Shelving location Date acquired Source of acquisition Cost, normal purchase price Accession Number Koha item type Full call number
    JRU Library   SHELF -72- F 20/05/2016 PURCHES 525.00 3497 Books  
    JRU Library   SHELF-37-L 20/05/2016   525.00 3498 Books 3497